000 02783cam a22003371i 4500
003 SA-RiAUC
005 20241014070603.0
008 241013s1990 su g 00000 ara c
040 _aSA-JeALM
_bara
_cSA-RiAUC
_erda
043 _aar-----
082 0 4 _a915.3
_qSA-RiAUC
090 _a915.3
_bا ب ن ح
100 1 _aابن الحائك الهمداني، الحسن بن أحمد بن يعقوب،
_d280-334 هجري
_eمؤلف.
245 1 0 _aصفة جزيرة العرب /
_cلأبي محمد الحسن بن أحمد بن يعقوب الهمذاني ؛ تحقيق محمد بن عبد الله بن بليهد ؛ صححه وراجعه محمد سعد آل حسين.
250 _aالطبعة الثالثة.
264 1 _aالرياض :
_bمؤسسة الجوهرة للنشر والتوزيع.
_c1991
300 _a550 صفحة ؛
_c24 سم
336 _aنص
_btxt
_2rdacontent
_3كتاب
337 _aبدون وسيط
_bn
_2rdamedia
338 _aمجلد
_bnc
_2rdacarrier
651 7 _aشبه الجزيرة العربية
_xوصف ورحلات
_2aucsh
651 7 _aشبه الجزيرة العربية
_xتاريخ
_2aucsh
651 7 _aشبه الجزيرة العربية
_xجغرافيا
_2aucsh
651 7 _aشبه الجزيرة العربية
_xوصف ورحلات
_2aucsh
700 1 _aابن بليهد، محمد بن عبد الله بن بليهد،
_d1300-1377 هجري
_eمحقق.
700 1 _aابن حسين، محمد بن سعد بن محمد،
_d1350 هجري-
_eمصحح.
856 _uhttp://www.alwaraq.net/Core/AlwaraqSrv/bookpage?book=191&option=1&fkey=2&page=1
_yDigital Copy
_2 نرجو الانتباه لإمكانية وجود اختلاف في الطبعة أو الناشر بين البيانات على البوابة وما ستجده على الكتاب نظرا لمحدودية المعلومات المتاحة على الموقع الناشر للمادة.
_3Please note that there may be a difference in the edition or publisher between the data on the portal and the book due to the limited information available on the publisher website for the material.
856 _uhttp://www.alwaraq.net/Core/waraq/coverpage?bookid=191&option=1
_yExternal Link
_2 نرجو الانتباه لإمكانية وجود اختلاف في الطبعة أو الناشر بين البيانات على البوابة وما ستجده على الكتاب نظرا لمحدودية المعلومات المتاحة على الموقع الناشر للمادة.
_3Please note that there may be a difference in the edition or publisher between the data on the portal and the book due to the limited information available on the publisher website for the material.
942 _2ddc
_cBOOK
_n0
949 _aSA-JeALM
_d241013
_umohamedma123
_n1
999 _c1284
_d1284